Albums by Cover Art - R&B - Statistics

General Stats
  • This quiz has been taken 412 times
  • The average score is 14 of 20
Answer Stats
Picture Answer % Correct
Michael Jackson - Thriller
97%
Drake - Take Care
96%
The Weeknd - The Beauty Behind the Madness
88%
Lizzo - Cuz I Love You
87%
Prince - Purple Rain
86%
Beyoncé - I Am... Sasha Fierce
84%
SZA - SOS
80%
Justin Timberlake - FutureSex / Love Sounds
78%
Mariah Carey - Butterfly
78%
Usher - Confessions
76%
Frank Ocean - Channel ORANGE
72%
Destiny's Child - The Writing's on the Wall
65%
Janet Jackson - Control
61%
TLC - CrazySexyCool
61%
Fergie - The Dutchess
55%
XXXTENTACION - 17
53%
Alicia Keys - As I Am
42%
Aaliyah - Aaliyah
38%
George Michael - Older
33%
Rick James - Street Funk
27%
No matching quizzes found
Score Distribution
Percent of People with Each Score
Percentile by Number Answered
Your Score History
You have not taken this quiz